Welcome to CU Library Online Public Access Catalogue (OPAC)

GHANAIN POPULAR FICTION; (Record no. 7632)

MARC details
000 -LEADER
fixed length control field 00425nam a22001457a 4500
005 - DATE AND TIME OF LATEST TRANSACTION
control field 20250923105054.0
008 - FIXED-LENGTH DATA ELEMENTS--GENERAL INFORMATION
fixed length control field 250923b |||||||| |||| 00| 0 eng d
020 ## - INTERNATIONAL STANDARD BOOK NUMBER
International Standard Book Number 9780852555569
050 ## - LIBRARY OF CONGRESS CALL NUMBER
Classification number PR9379
Item number NEW
100 ## - MAIN ENTRY--PERSONAL NAME
Personal name NEWELL STEPHANIE
245 ## - TITLE STATEMENT
Title GHANAIN POPULAR FICTION;
Remainder of title THRILLING DISCOVERIES IN CONJUGAL LIFE AND OTHER TALES
260 ## - PUBLICATION, DISTRIBUTION, ETC.
Place of publication, distribution, etc. OHIO
Name of publisher, distributor, etc. OHIO UNIVERSITY PRESS
Date of publication, distribution, etc. 2000
300 ## - PHYSICAL DESCRIPTION
Extent ix, 180p
942 ## - ADDED ENTRY ELEMENTS (KOHA)
Source of classification or shelving scheme Library of Congress Classification
Koha item type Books
Suppress in OPAC No
999 ## -
-- 7632
-- 7632
Holdings
Withdrawn status Lost status Source of classification or shelving scheme Damaged status Not for loan Collection Home library Current library Shelving location Date acquired Total checkouts Full call number Barcode Date last seen Copy number Price effective from Koha item type
    Library of Congress Classification     Fiction Undergraduate Library (Christ Temple) Undergraduate Library (Christ Temple) General stacks 09/23/2025   PR9379 NEW ULCT00004914 09/23/2025 1 09/23/2025 Books
    Library of Congress Classification     Fiction Undergraduate Library (Christ Temple) Undergraduate Library (Christ Temple) General stacks 09/23/2025   PR9379 NEW ULCT00004915 09/23/2025 2 09/23/2025 Books
© 2023-2024 Copyright: Central University Libraries. All Rights Reserved | Created by: Mahone Tech Office